000 00445nam a2200157 i 4500
001 104572
003 ES-MaACL
005 20230906183634.0
007 t|
008 051201s1908 sp ||||1| spa d
100 1 _aMinguijón, Salvador.
_981356
245 1 4 _aLas luchas del periodismo /
_cSalvador Minguijón Adrian.
260 _aZaragoza :
_b[s.n.],
_c1908 (
_fMariano Salas)
300 _aIX, 312 p. ;
_c22 cm.
852 _aES-MaACL
_jA-373
999 _c104572
_d104572